[Event "Ontario-ch U20"]
[Site "Mississauga CAN"]
[Date "2018.01.28"]
[Round "4"]
[White "Li, William"]
[Black "Ning, Eric"]
[Result "0-1"]
[ECO "B31"]
[WhiteElo "2226"]
[BlackElo "1973"]
[PlyCount "86"]
[EventDate "2018.01.27"]
[EventType "swiss"]
[EventRounds "5"]
[EventCountry "CAN"]

1. e4 c5 2. Nf3 Nc6 3. Bb5 g6 4. O-O Bg7 5. Re1 e5 6. b4 Nxb4 7. Bb2 a6 8. a3
axb5 9. axb4 Rxa1 10. Bxa1 d6 11. bxc5 Qa5 12. Nc3 dxc5 13. Nd5 f6 14. d4 cxd4
15. c3 d3 16. Qxd3 Ne7 17. Bb2 Nxd5 18. Qxd5 Qb6 19. Ba3 Be6 20. Qd2 Kf7 21.
Rd1 Ra8 22. Bb4 Ra2 23. Qe1 Bh6 24. Nd2 Bg4 25. Nf3 Be6 26. Nd2 Bg4 27. Nf3 Bf4
28. Kf1 Be6 29. Kg1 Bg4 30. Kf1 Qa7 31. h3 Be6 32. Nd2 Qa4 33. Nf3 Qc2 34. Bc5
Qb3 35. Kg1 Qc4 36. Bb4 Re2 37. Qf1 Qxe4 38. Rd6 g5 39. Qd1 Rc2 40. Rxe6 Rc1
41. Re7+ Kg6 42. Qxc1 Bxc1 43. Re6 Bf4 0-1

[Event "Ontario-ch U20"]
[Site "Mississauga CAN"]
[Date "2018.01.28"]
[Round "4"]
[White "Papneja, Arul"]
[Black "Hay, Jonathan"]
[Result "1-0"]
[ECO "B13"]
[WhiteElo "1920"]
[BlackElo "1944"]
[PlyCount "91"]
[EventDate "2018.01.27"]
[EventType "swiss"]
[EventRounds "5"]
[EventCountry "CAN"]

1. e4 c6 2. d4 d5 3. exd5 cxd5 4. Bf4 Nc6 5. c3 Bf5 6. Nd2 e6 7. Qb3 Qd7 8.
Ngf3 a6 9. Nh4 Bg4 10. h3 Bh5 11. g4 Bg6 12. Nxg6 hxg6 13. O-O-O b5 14. Nf3 Nf6
15. Bd3 Bd6 16. Be5 Qc7 17. Rde1 Bxe5 18. Nxe5 Nxe5 19. dxe5 Nd7 20. f4 Nc5 21.
Qc2 Nxd3+ 22. Qxd3 Qc4 23. Qxc4 bxc4 24. b3 Rc8 25. b4 Ke7 26. a4 Rb8 27. Kd2
Rb7 28. Ke3 a5 29. b5 Kd7 30. Kd4 Kc7 31. h4 Rbb8 32. Re2 Kd7 33. Reh2 Rh7 34.
h5 Rbh8 35. Kc5 gxh5 36. Rxh5 Rxh5 37. gxh5 Kc7 38. b6+ Kd7 39. Kb5 g6 40. h6
d4 41. cxd4 c3 42. Kxa5 c2 43. Rc1 Rxh6 44. Rxc2 Rh4 45. b7 Rh8 46. Kb6 1-0

[Event "Ontario-ch U20"]
[Site "Mississauga CAN"]
[Date "2018.01.28"]
[Round "4"]
[White "Washimkar, Arhant"]
[Black "Hack, Justin"]
[Result "1-0"]
[ECO "B52"]
[WhiteElo "1899"]
[BlackElo "1813"]
[PlyCount "47"]
[EventDate "2018.01.27"]
[EventType "swiss"]
[EventRounds "5"]
[EventCountry "CAN"]

1. e4 c5 2. Nf3 d6 3. Bb5+ Bd7 4. Bxd7+ Qxd7 5. O-O Nc6 6. c3 d5 7. e5 e6 8. d4
cxd4 9. cxd4 Nge7 10. a3 Nc8 11. Be3 Nb6 12. Nbd2 Be7 13. Qe2 O-O 14. b4 Rfc8
15. Rfc1 Nd8 16. Nb3 Nc4 17. Nfd2 b5 18. Nxc4 bxc4 19. Nc5 Bxc5 20. dxc5 a5 21.
Qg4 Kh8 22. Bg5 axb4 23. Bf6 gxf6 24. exf6 1-0

[Event "Ontario-ch U20"]
[Site "Mississauga CAN"]
[Date "2018.01.28"]
[Round "5"]
[White "Hack, Justin"]
[Black "Li, William"]
[Result "0-1"]
[ECO "E15"]
[WhiteElo "1813"]
[BlackElo "2226"]
[PlyCount "58"]
[EventDate "2018.01.27"]
[EventType "swiss"]
[EventRounds "5"]
[EventCountry "CAN"]

1. d4 Nf6 2. c4 e6 3. Nf3 b6 4. g3 Ba6 5. b3 Bb7 6. Bg2 Bb4+ 7. Bd2 a5 8. Bxb4
axb4 9. Nbd2 O-O 10. O-O c5 11. Qc2 Nc6 12. dxc5 bxc5 13. e4 d6 14. Rfd1 Qc7
15. Qb2 Nd7 16. Nh4 Rfd8 17. f4 Nd4 18. Re1 e5 19. Nhf3 Ne6 20. fxe5 Nxe5 21.
Qc2 Ra3 22. Nf1 Rda8 23. Nxe5 dxe5 24. Qb2 Nd4 25. Ne3 Qa5 26. Nc2 Rxa2 27.
Rxa2 Qxa2 28. Qxa2 Rxa2 29. Nxd4 exd4 0-1

[Event "Ontario-ch U20"]
[Site "Mississauga CAN"]
[Date "2018.01.28"]
[Round "5"]
[White "Hay, Jonathan"]
[Black "Liao, Joseph"]
[Result "1/2-1/2"]
[ECO "D02"]
[WhiteElo "1944"]
[BlackElo "1888"]
[PlyCount "52"]
[EventDate "2018.01.27"]
[EventType "swiss"]
[EventRounds "5"]
[EventCountry "CAN"]

1. d4 Nf6 2. Bf4 e6 3. e3 d5 4. Nd2 c5 5. c3 Nc6 6. Ngf3 cxd4 7. exd4 Nh5 8.
Be3 Bd6 9. g3 O-O 10. Ne5 Nf6 11. f4 Nd7 12. Bd3 Re8 13. O-O Nf8 14. Qh5 Qe7
15. Rae1 f6 16. Nxc6 bxc6 17. Rf2 Bd7 18. Kg2 a5 19. Rfe2 a4 20. Nf3 Reb8 21.
Bc1 Qf7 22. Qh4 Ng6 23. Bxg6 Qxg6 24. h3 Qf7 25. g4 Re8 26. Qf2 Qg6 1/2-1/2

[Event "Ontario-ch U20"]
[Site "Mississauga CAN"]
[Date "2018.01.28"]
[Round "5"]
[White "Wang, Constance"]
[Black "Washimkar, Arhant"]
[Result "1/2-1/2"]
[ECO "B36"]
[WhiteElo "2071"]
[BlackElo "1899"]
[PlyCount "103"]
[EventDate "2018.01.27"]
[EventType "swiss"]
[EventRounds "5"]
[EventCountry "CAN"]

1. e4 c5 2. Nf3 Nc6 3. d4 cxd4 4. Nxd4 g6 5. c4 Nf6 6. Nc3 Nxd4 7. Qxd4 d6 8.
Be3 Bg7 9. Be2 O-O 10. Qd2 Be6 11. Rc1 Qa5 12. O-O Rfc8 13. b3 a6 14. f3 b5 15.
Nd5 Qxd2 16. Bxd2 Nxd5 17. exd5 Bd4+ 18. Kh1 Bd7 19. Rfe1 Kf8 20. Bh6+ Ke8 21.
Bf4 Kd8 22. h4 Bf2 23. Red1 Bxh4 24. g3 Bf6 25. Kg2 bxc4 26. Bxc4 Bb5 27. g4
Bxc4 28. bxc4 Rab8 29. Rh1 Rb2+ 30. Kg3 Rxa2 31. g5 Bd4 32. Rxh7 Ke8 33. Kg4
Ra4 34. Re1 Rcxc4 35. Kg3 Bf2+ 36. Kxf2 Rxf4 37. Rh8+ Kd7 38. Ra8 Rac4 39. Ra7+
Rc7 40. Rxe7+ Kxe7 41. Rxc7+ Kd8 42. Rc6 Kd7 43. Rxa6 Rf5 44. Ra7+ Kc8 45. Ke3
Rxg5 46. Rxf7 Rxd5 47. f4 Rf5 48. Rg7 Rf6 49. Kf3 Kd8 50. Kg4 d5 51. Kg5 Rd6
52. f5 1/2-1/2

[Event "Ontario-ch U20 U1800"]
[Site "Mississauga CAN"]
[Date "2018.01.27"]
[Round "1.7"]
[White "Ma, Andrew"]
[Black "Li, Kevin"]
[Result "1-0"]
[ECO "B45"]
[WhiteElo "1486"]
[BlackElo "1774"]
[PlyCount "79"]
[EventDate "2018.01.27"]
[EventType "swiss"]
[EventRounds "5"]
[EventCountry "CAN"]

1. e4 c5 2. Nf3 e6 3. d4 cxd4 4. Nxd4 Nf6 5. Nc3 Nc6 6. Be2 Bb4 7. Nxc6 bxc6 8.
Bg5 h6 9. Bxf6 Qxf6 10. Qd3 O-O 11. O-O d5 12. exd5 cxd5 13. a3 Bc5 14. Rad1 a5
15. Qf3 Qg6 16. Bd3 Qg5 17. Qg3 Qe7 18. Rfe1 Bb7 19. Nb5 Bc6 20. Qc7 Bxf2+ 21.
Kxf2 Qc5+ 22. Kf1 Rfc8 23. b4 axb4 24. axb4 Qxb4 25. Qd6 Qh4 26. Nd4 Ba4 27.
Qe5 Bd7 28. h3 Ra4 29. Nf3 Rf4 30. Rb1 Qg3 31. Rb8 Qh2 32. Rxc8+ Bxc8 33. Kf2
f6 34. Qe3 e5 35. Qc5 Bxh3 36. Qxd5+ Kf8 37. Qd8+ Kf7 38. Bc4+ Kg6 39. Qe8+ Kf5
40. Be6# 1-0

[Event "Ontario-ch U20 U1800"]
[Site "Mississauga CAN"]
[Date "2018.01.27"]
[Round "1.8"]
[White "Stopic, Alexander"]
[Black "Balachandran, Kousihan"]
[Result "1/2-1/2"]
[ECO "B34"]
[WhiteElo "1686"]
[BlackElo "1460"]
[PlyCount "129"]
[EventDate "2018.01.27"]
[EventType "swiss"]
[EventRounds "5"]
[EventCountry "CAN"]

1. e4 c5 2. Nf3 Nc6 3. Nc3 g6 4. d4 cxd4 5. Nxd4 Bg7 6. Be3 Nf6 7. f3 O-O 8.
Qd2 a6 9. Nb3 d6 10. Bh6 b5 11. Bxg7 Kxg7 12. O-O-O Na5 13. Nd5 Nxb3+ 14. cxb3
Bb7 15. Nxf6 exf6 16. Qxd6 Qc8+ 17. Kb1 Rd8 18. Qxd8 Qxd8 19. Rxd8 Rxd8 20. Kc2
Bc8 21. Bd3 Be6 22. a4 Rc8+ 23. Kb1 Bxb3 24. axb5 axb5 25. Bxb5 Bc2+ 26. Kc1
Ba4+ 27. Kd2 Bxb5 28. b4 Rc4 29. Rb1 h5 30. g3 Rd4+ 31. Ke3 Rd3+ 32. Kf2 Rc3
33. Rb2 Rc4 34. Ke3 Kh6 35. Rb1 g5 36. h3 Rc3+ 37. Kf2 Rc2+ 38. Kg1 Rc3 39. Kf2
Rc2+ 40. Kg1 Rc6 41. Kf2 Rb6 42. Ke3 Rd6 43. Kf2 Bd7 44. g4 hxg4 45. hxg4 Kg6
46. Ke3 Bb5 47. Rb3 Rb6 48. Kd4 Ba4 49. Rb1 Bc2 50. Rb2 Bd1 51. Kc5 Rb8 52. Rf2
Rc8+ 53. Kd4 Rb8 54. Kc5 Rc8+ 55. Kd4 Ba4 56. Rb2 Rb8 57. Kc5 Bd1 58. Rf2 Ba4
59. Rb2 Rc8+ 60. Kd4 Rd8+ 61. Kc3 Bb5 62. Rf2 Rc8+ 63. Kb3 Bc4+ 64. Kc3 Be6+
65. Kd3 1/2-1/2

[Event "Ontario-ch U20 U1800"]
[Site "Mississauga CAN"]
[Date "2018.01.27"]
[Round "1.9"]
[White "Laughlin, Braden"]
[Black "Gao, Raymond"]
[Result "0-1"]
[ECO "B98"]
[WhiteElo "1421"]
[BlackElo "1661"]
[PlyCount "48"]
[EventDate "2018.01.27"]
[EventType "swiss"]
[EventRounds "5"]
[EventCountry "CAN"]

1. e4 c5 2. Nf3 d6 3. d4 cxd4 4. Nxd4 Nf6 5. Nc3 a6 6. Bg5 e6 7. f4 Be7 8. Qf3
O-O 9. O-O-O Qc7 10. g4 b5 11. h4 Bb7 12. Bxf6 Bxf6 13. g5 Bxd4 14. Rxd4 Nc6
15. Rd1 Rac8 16. Rd2 Qa5 17. a3 b4 18. Nb1 d5 19. Bg2 Ne7 20. axb4 Qxb4 21. Qa3
Qxa3 22. Nxa3 Ng6 23. f5 Nf4 24. Rf2 Nd3+ 0-1

[Event "Ontario-ch U20 U1800"]
[Site "Mississauga CAN"]
[Date "2018.01.27"]
[Round "1.10"]
[White "Wang, Eric"]
[Black "Vo, Andy"]
[Result "1-0"]
[ECO "A36"]
[WhiteElo "1654"]
[BlackElo "1421"]
[PlyCount "149"]
[EventDate "2018.01.27"]
[EventType "swiss"]
[EventRounds "5"]
[EventCountry "CAN"]

1. c4 Nf6 2. Nc3 c5 3. g3 Nc6 4. Bg2 g6 5. e4 d6 6. Nge2 Bg7 7. O-O O-O 8. d3
Nd7 9. h3 Rb8 10. f4 Nd4 11. Nxd4 Bxd4+ 12. Kh2 Bg7 13. Bd2 a6 14. a4 e6 15.
Qc2 Qc7 16. Rab1 b6 17. Ne2 Bb7 18. Bc3 Nf6 19. b3 Bc6 20. d4 cxd4 21. Nxd4 Bb7
22. Rbd1 Rfd8 23. Qe2 Rbc8 24. Ba1 Qc5 25. Rfe1 Qc7 26. Qe3 Ba8 27. Re2 Bb7 28.
Nc2 Nd7 29. Bxg7 Kxg7 30. Qd4+ Nf6 31. Qe3 Ba8 32. Red2 Rb8 33. Nb4 Bb7 34. Kh1
Ne8 35. Qc3+ Kg8 36. Qb2 Qc5 37. Nc2 Qc7 38. Kh2 Bc6 39. Nb4 Bb7 40. Nd3 Ba8
41. e5 Bxg2 42. Kxg2 Qb7+ 43. Kh2 d5 44. cxd5 Rxd5 45. Nb4 Rxd2+ 46. Qxd2 a5
47. Nc2 Rc8 48. Ne3 Qc6 49. Qd3 Kg7 50. Rd2 h6 51. Rc2 Qb7 52. Rxc8 Qxc8 53.
Nc4 Qc7 54. Qe3 Qc5 55. Qxc5 bxc5 56. Nxa5 Nc7 57. Kg2 f6 58. Kf3 f5 59. Ke3
Kf7 60. Kd3 g5 61. fxg5 hxg5 62. Nb7 Nd5 63. Nxc5 Ke7 64. Ke2 Nc3+ 65. Kf3 Nd5
66. g4 Nf4 67. a5 Nd5 68. a6 Nb6 69. b4 Na8 70. Nb3 Nb6 71. Nd4 f4 72. Nb3 Kd8
73. Nc5 Ke7 74. Ne4 Kd7 75. Nxg5 1-0

[Event "Ontario-ch U20 U1800"]
[Site "Mississauga CAN"]
[Date "2018.01.27"]
[Round "1.11"]
[White "Srinivas, Atharva"]
[Black "Ning, Oswin"]
[Result "0-1"]
[ECO "C02"]
[WhiteElo "1409"]
[BlackElo "1631"]
[PlyCount "178"]
[EventDate "2018.01.27"]
[EventType "swiss"]
[EventRounds "5"]
[EventCountry "CAN"]

1. e4 e6 2. d4 d5 3. e5 c5 4. c3 Nc6 5. Nf3 Qb6 6. Be2 Bd7 7. O-O cxd4 8. cxd4
Nge7 9. Na3 Nf5 10. Nc2 Be7 11. a3 O-O-O 12. b4 Kb8 13. b5 Na5 14. a4 Nb3 15.
Rb1 Nxc1 16. Qxc1 Rc8 17. Qd2 Bd8 18. Rfc1 Qa5 19. Qxa5 Bxa5 20. Ne3 Nxe3 21.
fxe3 Rcf8 22. Rf1 f5 23. Bd3 Be8 24. Ng5 Bf7 25. Rb2 h6 26. Nxf7 Rxf7 27. Rc2
Rc8 28. e4 Rxc2 29. Bxc2 dxe4 30. Bxe4 Rd7 31. Bc2 Rxd4 32. Rd1 Rxd1+ 33. Bxd1
Kc7 34. Bb3 Kd7 35. Kf2 Bc3 36. Kf3 Bxe5 37. h3 Kd6 38. Bc2 Bf6 39. g4 fxg4+
40. hxg4 Ke5 41. Bb3 Kd6 42. Bc2 e5 43. Ke4 Kc5 44. Bb3 Kb4 45. Bc2 Ka5 46. Kf5
a6 47. bxa6 Kxa6 48. Ke4 Ka5 49. Kf5 b5 50. axb5 Kxb5 51. Be4 Kc5 52. Ba8 Kd6
53. Bb7 Kc5 54. Be4 Kd4 55. Bb7 Ke3 56. Bc6 Kf2 57. Be4 Kg3 58. Bd5 Kh4 59. Bc6
h5 60. gxh5 Kxh5 61. Bf3+ Kh6 62. Bg4 Kh7 63. Bf3 Kg8 64. Bd5+ Kf8 65. Be4 Ke7
66. Bb7 Kd6 67. Be4 Kc5 68. Bb7 Kd4 69. Bc6 Ke3 70. Bb7 g5 71. Kxf6 Kf4 72. Bg2
g4 73. Ke6 e4 74. Kd5 e3 75. Bf1 Kf3 76. Ke5 g3 77. Kd4 e2 78. Bxe2+ Kxe2 79.
Ke4 g2 80. Kf4 g1=Q 81. Ke4 Qg4+ 82. Ke5 Ke3 83. Kd5 Qd4+ 84. Ke6 Ke4 85. Ke7
Qb6 86. Kd7 Kd5 87. Ke7 Qb7+ 88. Kd8 Ke6 89. Ke8 Qe7# 0-1

[Event "Ontario-ch U20 U1800"]
[Site "Mississauga CAN"]
[Date "2018.01.27"]
[Round "1.12"]
[White "Gao, William"]
[Black "Chen, Derek"]
[Result "0-1"]
[ECO "B22"]
[WhiteElo "1615"]
[BlackElo "1400"]
[PlyCount "68"]
[EventDate "2018.01.27"]
[EventType "swiss"]
[EventRounds "5"]
[EventCountry "CAN"]

1. e4 c5 2. c3 Nf6 3. e5 Nd5 4. d4 cxd4 5. Nf3 dxc3 6. Qxd5 c2 7. Nc3 d6 8.
Bb5+ Nd7 9. Bf4 e6 10. Qd3 d5 11. Qxc2 a6 12. Bd3 Bc5 13. a3 h6 14. Bd2 O-O 15.
h4 Qb6 16. Bh7+ Kh8 17. Ng5 Bxf2+ 18. Ke2 Nxe5 19. Raf1 d4 20. Rxf2 dxc3 21.
Bxc3 Qb5+ 22. Ke1 f5 23. Re2 Nd3+ 24. Kd2 Nf4 25. Re3 Nxg2 26. Rg3 Nf4 27.
Bxg7+ Kxg7 28. Nxe6+ Kf6 29. Qc3+ Kxe6 30. Re1+ Kd6 31. Qg7 Qd5+ 32. Kc1 Be6
33. Rd1 Rfc8+ 34. Rc3 Nd3+ 0-1

[Event "Ontario-ch U20 U1800"]
[Site "Mississauga CAN"]
[Date "2018.01.27"]
[Round "1.13"]
[White "Zhou, Mike"]
[Black "Yang, Elena"]
[Result "1-0"]
[ECO "A46"]
[WhiteElo "1393"]
[BlackElo "1586"]
[PlyCount "163"]
[EventDate "2018.01.27"]
[EventType "swiss"]
[EventRounds "5"]
[EventCountry "CAN"]

1. d4 e6 2. Bf4 Nf6 3. Nf3 g6 4. h3 b6 5. Nbd2 Bg7 6. e3 Bb7 7. Bd3 O-O 8. Be5
d6 9. Bxf6 Bxf6 10. O-O c5 11. c3 Nd7 12. Re1 e5 13. Ne4 Qc7 14. Ned2 Rfe8 15.
dxc5 dxc5 16. Be4 b5 17. Bxb7 Qxb7 18. e4 Nb6 19. Qb3 a6 20. c4 Qc6 21. a3 Rad8
22. Rad1 Rd7 23. Qc3 Na4 24. Qc2 Nb6 25. b3 Red8 26. Re2 Bg7 27. Ree1 f6 28.
Nf1 bxc4 29. Rxd7 Qxd7 30. Re3 cxb3 31. Qxb3+ Nd5 32. exd5 Kh8 33. Rc3 e4 34.
N3d2 Qxd5 35. Qxd5 Rxd5 36. Nxe4 c4 37. Rxc4 h6 38. a4 a5 39. Ne3 Re5 40. Nd6
Kh7 41. Nb7 f5 42. Rc5 Re7 43. Nxa5 Bd4 44. Rc4 Bg7 45. Nc6 Rb7 46. a5 Rb1+ 47.
Kh2 Rb2 48. Rc2 Rb1 49. Ra2 Rc1 50. Nb4 Be5+ 51. g3 Bd6 52. Ned5 h5 53. a6 h4
54. Kg2 hxg3 55. fxg3 Bc5 56. Nd3 Rg1+ 57. Kf3 Ba7 58. g4 Rd1 59. N3b4 fxg4+
60. hxg4 Rc1 61. Rc2 Rf1+ 62. Ke4 Rf7 63. Rc7 Rxc7 64. Nxc7 Kh6 65. Ne6 Bb6 66.
Kd5 Ba7 67. Kc6 g5 68. Kb7 Be3 69. Nd5 Bf2 70. Nb6 Kg6 71. a7 Kf6 72. a8=Q Kxe6
73. Qa2+ Kf6 74. Qxf2+ Kg6 75. Qf5+ Kh6 76. Qf6+ Kh7 77. Qxg5 Kh8 78. Kc7 Kh7
79. Kd7 Kh8 80. Ke7 Kh7 81. Kf7 Kh8 82. Qg7# 1-0

[Event "Ontario-ch U20 U1800"]
[Site "Mississauga CAN"]
[Date "2018.01.27"]
[Round "1.14"]
[White "Hua, Michelle"]
[Black "Locham, Divjot"]
[Result "1-0"]
[ECO "C54"]
[WhiteElo "1535"]
[BlackElo "1373"]
[PlyCount "67"]
[EventDate "2018.01.27"]
[EventType "swiss"]
[EventRounds "5"]
[EventCountry "CAN"]

1. e4 e5 2. Nf3 Nc6 3. Bc4 Bc5 4. c3 Nf6 5. d3 O-O 6. Bb3 h6 7. O-O d6 8. Nbd2
Be6 9. Bc2 a5 10. Re1 Ng4 11. Re2 Bxf2+ 12. Rxf2 Ne3 13. Qe2 Nxc2 14. Rb1 Bxa2
15. h3 a4 16. Qd1 Bxb1 17. Nxb1 Na1 18. Nbd2 Nb3 19. Nxb3 axb3 20. Qxb3 Ra1 21.
Rf1 Qa8 22. Qc2 Qa4 23. Qe2 Na5 24. Nh4 Nb3 25. Be3 Rxf1+ 26. Kxf1 Qa1+ 27. Kf2
Nc5 28. Nf5 Ne6 29. d4 exd4 30. cxd4 c6 31. Kg3 Ng5 32. Bxg5 hxg5 33. Ne7+ Kh7
34. Qh5# 1-0

[Event "Ontario-ch U20 U1800"]
[Site "Mississauga CAN"]
[Date "2018.01.27"]
[Round "1.15"]
[White "Zhang, Jonathan"]
[Black "Liu, Henry"]
[Result "0-1"]
[ECO "C06"]
[WhiteElo "1355"]
[BlackElo "1530"]
[PlyCount "98"]
[EventDate "2018.01.27"]
[EventType "swiss"]
[EventRounds "5"]
[EventCountry "CAN"]

1. e4 e6 2. d4 d5 3. Nd2 Nf6 4. e5 Nfd7 5. c3 c5 6. Bd3 Nc6 7. Ne2 Nb6 8. Nf3
Bd7 9. a3 Rc8 10. O-O Be7 11. Bd2 Na5 12. dxc5 Na4 13. b4 Nb2 14. Qc2 Nxd3 15.
Qxd3 Nc4 16. Be3 O-O 17. Bd4 a6 18. Nd2 Bb5 19. Nxc4 Bxc4 20. Qf3 f6 21. Qe3
fxe5 22. Qxe5 Bf6 23. Qxe6+ Kh8 24. Bxf6 Rxf6 25. Qe3 Qe8 26. Nd4 Qxe3 27. fxe3
Bxf1 28. Rxf1 Rcf8 29. Rxf6 Rxf6 30. Nf3 b6 31. cxb6 Rxb6 32. Kf2 Rc6 33. Nd4
Rxc3 34. a4 Rc4 35. b5 Rxa4 36. bxa6 Rxa6 37. Kf3 Rf6+ 38. Ke2 Kg8 39. Nf3 Kf7
40. Kd3 Ke7 41. Kd4 Kd6 42. Kd3 Rg6 43. Nh4 Rg4 44. g3 g5 45. Nf5+ Ke5 46. Nd4
Re4 47. Ke2 g4 48. Kd2 Rxd4+ 49. exd4+ Kxd4 0-1

[Event "Ontario-ch U20 U1800"]
[Site "Mississauga CAN"]
[Date "2018.01.27"]
[Round "1.16"]
[White "Ning, Alwin"]
[Black "Ramesh, Sanjay"]
[Result "1-0"]
[ECO "C02"]
[WhiteElo "1529"]
[BlackElo "1329"]
[PlyCount "70"]
[EventDate "2018.01.27"]
[EventType "swiss"]
[EventRounds "5"]
[EventCountry "CAN"]

1. e4 e6 2. d4 d5 3. e5 c5 4. c3 Nc6 5. Nf3 Qb6 6. a3 a5 7. Bd3 Bd7 8. Bc2 Nh6
9. O-O cxd4 10. cxd4 Nf5 11. Bxf5 exf5 12. Nc3 Be6 13. Rb1 Rc8 14. Be3 h6 15.
Qd3 Ne7 16. Rfc1 g6 17. Na4 Qd8 18. Nc5 Rc7 19. Qb5+ Bd7 20. Qxa5 Nc6 21. Qd2
g5 22. Nxd7 Qxd7 23. Qd3 f4 24. Bd2 Be7 25. Re1 g4 26. e6 Qc8 27. exf7+ Kxf7
28. Bxf4 gxf3 29. Qxf3 Rd7 30. Be5+ Kg6 31. Qg4+ Kh7 32. Qf5+ Kg8 33. Qg6+ Kf8
34. Qg7+ Ke8 35. Qxh8+ Kf7 1-0

[Event "Ontario-ch U20 U1800"]
[Site "Mississauga CAN"]
[Date "2018.01.27"]
[Round "1.17"]
[White "Chen, Andrew"]
[Black "Xie, Austin"]
[Result "1-0"]
[ECO "E51"]
[WhiteElo "1301"]
[BlackElo "1497"]
[PlyCount "73"]
[EventDate "2018.01.27"]
[EventType "swiss"]
[EventRounds "5"]
[EventCountry "CAN"]

1. d4 d5 2. c4 e6 3. Nf3 Nf6 4. Nc3 Bb4 5. Bd2 Nc6 6. e3 O-O 7. Bd3 dxc4 8.
Bxc4 b6 9. O-O Bb7 10. a3 Be7 11. b4 a5 12. b5 Na7 13. Re1 Ne4 14. Nxe4 Bxe4
15. Bc3 Bd6 16. Nd2 Bb7 17. e4 Qe7 18. Qb3 Bf4 19. Rad1 Rad8 20. Nf3 Nc8 21. d5
exd5 22. exd5 Qc5 23. Bd4 Qd6 24. Qc3 Qg6 25. Ne5 Bxe5 26. Bxe5 Rd7 27. Re3 f5
28. Rg3 Qh6 29. Rdd3 f4 30. Rh3 Qg6 31. d6+ Kh8 32. Rxh7+ Kxh7 33. Rh3+ Qh6 34.
Rxh6+ Kxh6 35. Qh3+ Kg6 36. Bd3+ Kg5 37. Qxd7 1-0

[Event "Ontario-ch U20 U1800"]
[Site "Mississauga CAN"]
[Date "2018.01.27"]
[Round "2.7"]
[White "Gao, Raymond"]
[Black "Ning, Alwin"]
[Result "1-0"]
[ECO "C91"]
[WhiteElo "1661"]
[BlackElo "1529"]
[PlyCount "63"]
[EventDate "2018.01.27"]
[EventType "swiss"]
[EventRounds "5"]
[EventCountry "CAN"]

1. e4 e5 2. Nf3 Nc6 3. Bb5 a6 4. Ba4 Nf6 5. O-O b5 6. Bb3 Be7 7. Re1 O-O 8. c3
Bb7 9. d4 d6 10. Nbd2 Re8 11. Nf1 Qd7 12. Ng3 Rad8 13. a4 Na5 14. dxe5 dxe5 15.
Bxf7+ Kf8 16. Qxd7 Nxd7 17. Bxe8 Kxe8 18. axb5 Nb3 19. Ra2 Nxc1 20. Rxc1 axb5
21. Ra7 Rb8 22. b4 c5 23. Nf5 Bf8 24. Rd1 cxb4 25. cxb4 Bxb4 26. Nxg7+ Ke7 27.
Nf5+ Ke8 28. Nd6+ Bxd6 29. Rxd6 b4 30. Nxe5 Nf8 31. Rb6 Rd8 32. f3 1-0

[Event "Ontario-ch U20 U1800"]
[Site "Mississauga CAN"]
[Date "2018.01.27"]
[Round "2.8"]
[White "Chen, Derek"]
[Black "Wang, Eric"]
[Result "0-1"]
[ECO "C29"]
[WhiteElo "1400"]
[BlackElo "1654"]
[PlyCount "148"]
[EventDate "2018.01.27"]
[EventType "swiss"]
[EventRounds "5"]
[EventCountry "CAN"]

1. e4 e5 2. Nc3 Nf6 3. f4 Nc6 4. fxe5 Nxe5 5. d4 Ng6 6. e5 Ng8 7. Nf3 d6 8. Qe2
dxe5 9. dxe5 Bd7 10. Bd2 Bc5 11. O-O-O Qe7 12. Nd5 Qd8 13. Be3 Bxe3+ 14. Qxe3
c6 15. Nc3 N8e7 16. Bd3 Qc7 17. Bc4 O-O 18. Bd3 Rfe8 19. Rde1 h6 20. h3 Be6 21.
g4 Nd5 22. Nxd5 Bxd5 23. Bxg6 fxg6 24. a3 Bxf3 25. Qxf3 Rxe5 26. Rxe5 Qxe5 27.
Qb3+ Qd5 28. Qxd5+ cxd5 29. Rd1 Rd8 30. c4 Rc8 31. Rxd5 Rxc4+ 32. Kd2 Rc7 33.
Kd3 Kf7 34. Kd4 Ke6 35. Rd8 Rc2 36. Re8+ Kf7 37. Ra8 a6 38. b4 Ra2 39. Ra7 Rxa3
40. Rxb7+ Kg8 41. Rb6 g5 42. Ke5 a5 43. bxa5 Rxa5+ 44. Ke4 Ra3 45. Kf5 Kh7 46.
Rb7 Rxh3 47. Rb6 Rf3+ 48. Ke4 Rf4+ 49. Ke3 Rxg4 50. Kf3 Rf4+ 51. Kg3 Rf6 52.
Rb5 Kg6 53. Rb1 h5 54. Rh1 h4+ 55. Kg4 Rf4+ 56. Kh3 Kh5 57. Rg1 g4+ 58. Kh2 g3+
59. Kh3 Rf2 60. Rh1 g2 61. Rg1 Rf1 62. Rxg2 Rh1+ 63. Rh2 Rxh2+ 64. Kxh2 g5 65.
Kh3 g4+ 66. Kg2 g3 67. Kh3 Kg5 68. Kg2 Kg4 69. Kg1 h3 70. Kh1 g2+ 71. Kg1 Kf3
72. Kh2 Kf2 73. Kxh3 g1=Q 74. Kh4 Qg6 0-1

[Event "Ontario-ch U20 U1800"]
[Site "Mississauga CAN"]
[Date "2018.01.27"]
[Round "2.9"]
[White "Ning, Oswin"]
[Black "Ma, Andrew"]
[Result "1/2-1/2"]
[ECO "B80"]
[WhiteElo "1631"]
[BlackElo "1486"]
[PlyCount "60"]
[EventDate "2018.01.27"]
[EventType "swiss"]
[EventRounds "5"]
[EventCountry "CAN"]

1. e4 c5 2. Nf3 d6 3. d4 cxd4 4. Nxd4 Nf6 5. Nc3 a6 6. f3 e6 7. Be3 Be7 8. Qd2
b5 9. a3 Bb7 10. Be2 Nc6 11. Nxc6 Bxc6 12. Bf4 O-O 13. O-O-O d5 14. exd5 Nxd5
15. Nxd5 Qxd5 16. Qxd5 Bxd5 17. Bd2 Rac8 18. Kb1 Rfd8 19. Ba5 Rd7 20. Rhf1 Bd8
21. Bxd8 Rdxd8 22. Bd3 Rd7 23. Rd2 Rcd8 24. Rfd1 g6 25. Be4 Ba2+ 26. Kc1 Rxd2
27. Rxd2 Rxd2 28. Kxd2 Bc4 29. Bd3 Bd5 30. Be4 Bc4 1/2-1/2

[Event "Ontario-ch U20 U1800"]
[Site "Mississauga CAN"]
[Date "2018.01.27"]
[Round "2.10"]
[White "Gao, Lucy"]
[Black "Hua, Michelle"]
[Result "0-1"]
[ECO "B22"]
[WhiteElo "1229"]
[BlackElo "1535"]
[PlyCount "50"]
[EventDate "2018.01.27"]
[EventType "swiss"]
[EventRounds "5"]
[EventCountry "CAN"]

1. e4 c5 2. c3 Nf6 3. e5 Nd5 4. d4 cxd4 5. Nf3 Nc6 6. cxd4 d6 7. Bc4 Nb6 8. Bb3
g6 9. O-O Bg7 10. Re1 O-O 11. h3 Bf5 12. Nc3 dxe5 13. dxe5 Qxd1 14. Bxd1 Nc4
15. b3 N4xe5 16. Nxe5 Nxe5 17. Bd2 Nd3 18. Re3 Nb4 19. g4 Be6 20. Rf3 Rfd8 21.
Be1 Rac8 22. a3 Nd5 23. Rc1 Nxc3 24. Bxc3 Bxc3 25. Rfxc3 Rxd1+ 0-1

[Event "Ontario-ch U20 U1800"]
[Site "Mississauga CAN"]
[Date "2018.01.27"]
[Round "2.12"]
[White "Balachandran, Kousihan"]
[Black "Chen, Andrew"]
[Result "1-0"]
[ECO "B40"]
[WhiteElo "1460"]
[BlackElo "1301"]
[PlyCount "69"]
[EventDate "2018.01.27"]
[EventType "swiss"]
[EventRounds "5"]
[EventCountry "CAN"]

1. e4 c5 2. Nf3 e6 3. d4 cxd4 4. Nxd4 Nc6 5. Nc3 Bc5 6. Be3 Qb6 7. Na4 Qa5+ 8.
Nc3 Bb4 9. Nde2 Nf6 10. a3 Bxc3+ 11. Nxc3 Nxe4 12. Bd4 e5 13. b4 Nxc3 14. Bxc3
Qc7 15. Bd3 O-O 16. Qh5 g6 17. Qh6 Qd6 18. O-O Qf6 19. f4 Qg7 20. Qxg7+ Kxg7
21. fxe5 Kg8 22. b5 Nd8 23. Bb4 Re8 24. Bd6 b6 25. Rf6 Bb7 26. Raf1 Bd5 27. c4
Be6 28. Be4 Rc8 29. Bd5 Bxd5 30. cxd5 Nb7 31. Rxf7 Nxd6 32. exd6 Rc3 33. Re7
Rxe7 34. dxe7 Re3 35. d6 1-0

[Event "Ontario-ch U20 U1800"]
[Site "Mississauga CAN"]
[Date "2018.01.27"]
[Round "2.13"]
[White "Li, Kevin"]
[Black "Stopic, Alexander"]
[Result "1-0"]
[ECO "C54"]
[WhiteElo "1774"]
[BlackElo "1686"]
[PlyCount "77"]
[EventDate "2018.01.27"]
[EventType "swiss"]
[EventRounds "5"]
[EventCountry "CAN"]

1. e4 e5 2. Nf3 Nc6 3. Bc4 Bc5 4. c3 Nf6 5. d3 h6 6. O-O d6 7. h3 O-O 8. Re1
Re8 9. Nbd2 Bd7 10. Bb3 Re7 11. Nf1 Qe8 12. Ng3 Rd8 13. Nh2 Be6 14. c4 Nd4 15.
Nf3 c6 16. Nxd4 Bxd4 17. Qf3 d5 18. Bxh6 dxe4 19. dxe4 Bxb2 20. Rab1 gxh6 21.
Qxf6 Bc3 22. Qxh6 Bxe1 23. Nh5 f5 24. Nf6+ Kf7 25. Nxe8 Rdxe8 26. Rxe1 f4 27.
c5 Rg8 28. f3 Rg6 29. Qh7+ Kf6 30. Qh4+ Rg5 31. Bxe6 Rxe6 32. Rb1 Re7 33. Rd1
Reg7 34. Qh6+ Ke7 35. Rd2 R5g6 36. Qh8 Rg3 37. Qd8+ Ke6 38. Rd6+ Kf7 39. Rf6#
1-0

[Event "Ontario-ch U20 U1800"]
[Site "Mississauga CAN"]
[Date "2018.01.27"]
[Round "2.14"]
[White "Vo, Andy"]
[Black "Gao, William"]
[Result "1-0"]
[ECO "B75"]
[WhiteElo "1421"]
[BlackElo "1615"]
[PlyCount "61"]
[EventDate "2018.01.27"]
[EventType "swiss"]
[EventRounds "5"]
[EventCountry "CAN"]

1. e4 c5 2. Nf3 d6 3. d4 cxd4 4. Nxd4 Nf6 5. Nc3 g6 6. Be3 Bg7 7. f3 Bd7 8. g4
Nc6 9. Qd2 Rc8 10. O-O-O a5 11. h4 Ne5 12. Kb1 a4 13. a3 Qa5 14. h5 Nc4 15.
Bxc4 Rxc4 16. h6 Bf8 17. Bg5 Rxd4 18. Qxd4 Qxg5 19. Nxa4 Bxh6 20. Nb6 Bc6 21.
Rdf1 Bg7 22. Qb4 d5 23. Nc8 Nd7 24. f4 Qf6 25. e5 Qe6 26. Re1 Nxe5 27. Nb6 Qxg4
28. fxe5 d4 29. Rhf1 Be4 30. Qa4+ Kd8 31. Rxe4 1-0